| 000 | 00651nam a2200229Ia 4500 | ||
|---|---|---|---|
| 001 | 1553 | ||
| 003 | GE_BSU | ||
| 008 | 181216s||||||||xx |||||||||||||| ||und|| | ||
| 040 | _cGE_BSU | ||
| 080 | _a624.014.2 | ||
| 100 | _aТахтамышев,А.Г. | ||
| 245 | _aПримеры расчета стальных конструкций. | ||
| 245 | _bИзд. 2-е, перер. | ||
| 250 | _aИзд. 2-е, перер. | ||
| 260 | _aМ. | ||
| 260 | _bСтроийздат. | ||
| 260 | _c1978. | ||
| 300 | _a240 стр. 21 см. | ||
| 541 | _h8 л. | ||
| 653 | _aПримеры расчета стальных кострукций | ||
| 942 | _cBK | ||
| 999 |
_c35680 _d35680 |
||